000 00630nam a22001937a 4500
005 20240924172736.0
010 _aENG-141754
020 _a9789359649894
_c500.00
035 _aEN-125286
037 _bDBAD
082 _a398.95413
100 _aSinghal, Ajay
_971934
245 _aPath to Prosperity with Old Proven Proverbs/
_cBy Ajay Singhal
250 _a1
260 _aNew Delhi
_bDiamond Pocket Books
_c2024
270 _aX- 30, Okhla Industrial Area, Phase-II
_bNew Delhi
_e110020
_mwecare@diamondbooks.in
_k011-40712100
_k011-41611861
300 _a159p.
_c22cm(hb)
942 _2ddc
_cEN
_h398.95413
_mSIN
999 _c205871
_d205871